Statistiques concernant Trouve le rappeur fr 2

Cliquez ici pour prendre le quiz!

Statistiques générales

  • Ce quiz a été pris 545 fois
  • Le résultat moyen est 16 sur 40

Statistiques - réponses

HintRéponse% Correct
MadrinaMaes
82%
RaspoutineZiak
82%
Train de vieKoba LaD
77%
CANADA1pliké140
67%
Parfum quartierJul
66%
LifeHamza
63%
Haut standingSCH
62%
BoostPLK
61%
44Niska
60%
L'ancienNinho
58%
Hors ligneFreeze corleone
57%
Thibaut CourtoisShay
52%
DalidaSoolking
51%
10'Laylow
49%
Petit coeur13 block
46%
La vraie vieDA Uzi
46%
InfréquentablesDosseh
46%
MadameZola
46%
LundiFianso
44%
Sale sonoritéKalash Criminel
41%
Le billetISK
39%
INHUMAINGazo
36%
La 13Timal
35%
Hakan SukurHeuss l'enfoiré
34%
Full blackGuy2bezbar
33%
Jacques ChiracLacrim
33%
BitumeLeto
31%
30 septembreMig
30%
Sourire de millionaireZkr
28%
RegrettéRohff
20%
OxymoreNiro
18%
On reconnaîtDjadja & Dinaz
16%
ChabZeGuerre
15%
FlashbackMister You
14%
CosmosOBOY
14%
Boboch l'AbreuSifax
14%
Un jour peut-êtreMac Tyer
10%
BosniaqueKofs
9%
ParanoYL
9%
ImpliquéFresh laDouille
7%

Distribution des résultats

Percentile par nombre de réponses

% des personnes avec chaque résultat

Votre développement - résultats

Vous n’avez pas pris ce quiz